Départements français - Statistiques

Statistiques générales
  • Ce quiz a été pris 43 fois
  • Le résultat moyen est 63 sur 101
Statistiques - réponses
Hint Réponse % Correct
01 Ain
94%
02 Aisne
83%
42 Loire
80%
06 Alpes maritimes
77%
67 Bas Rhin
77%
03 Allier
74%
13 Bouches du Rhône
74%
971 Guadeloupe
74%
05 Hautes alpes
74%
68 Haut Rhin
74%
69 Rhône
74%
11 Aude
71%
16 Charente
71%
20A Haute Corse
71%
972 Martinique
71%
57 Moselle
71%
59 Nord
71%
75 Paris
71%
83 Var
71%
04 Alpes de Haute Provence
69%
10 Aube
69%
17 Charente maritime
69%
29 Finistère
69%
36 Indre
69%
66 Pyrénées Orientales
69%
974 Réunion
69%
18 Cher
66%
20B Corse du sud
66%
27 Eure
66%
28 Eure et Loir
66%
33 Gironde
66%
973 Guyane
66%
976 Mayotte
66%
54 Meurthe et Moselle
66%
60 Oise
66%
62 Pas de Calais
66%
71 Saône et Loire
66%
73 Savoie
66%
84 Vaucluse
66%
09 Ariège
63%
12 Aveyron
63%
15 Cantal
63%
19 Corrèze
63%
25 Doubs
63%
32 Gers
63%
74 Haute Savoie
63%
34 Hérault
63%
37 Indre et Loir
63%
38 Isère
63%
45 Loiret
63%
41 Loir et Cher
63%
46 Lot
63%
56 Morbihan
63%
63 Puy de Dôme
63%
64 Pyrénées Atlantiques
63%
77 Seine et Marne
63%
76 Seine Maritime
63%
93 Seine Saint Denis
63%
81 Tarn
63%
85 Vendée
63%
08 Ardennes
60%
14 Calvados
60%
21 Côte-d'Or
60%
23 Creuse
60%
24 Dordogne
60%
26 Drôme
60%
30 Gard
60%
31 Haute Garonne
60%
43 Haute Loire
60%
47 Lot et Garonne
60%
51 Marne
60%
82 Tarn et Garonne
60%
78 Yvelines
60%
65 Hautes Pyrénées
57%
92 Hauts de Seine
57%
35 Ille et vilaine
57%
39 Jura
57%
44 Loire Atlantique
57%
50 Manche
57%
61 Orne
57%
72 Sarthe
57%
94 Val de Marne
57%
95 Val d'Oise
57%
86 Vienne
57%
22 Cote d'Armor
54%
40 Landes
54%
48 Lozère
54%
53 Mayenne
54%
58 Nièvre
54%
80 Somme
54%
88 Vosges
54%
07 Ardèche
51%
79 Deux Sèvres
51%
52 Haute Marne
51%
87 Haute Vienne
51%
90 Territoire de Belfort
51%
89 Yonne
51%
55 Meuse
49%
49 Maine et Loire
46%
70 Haute Saône
40%
91 Essonne
20%
Aucun quiz correspondant
Distribution des résultats
% des personnes avec chaque résultat
Percentile par nombre de réponses
Votre historique - résultats
Vous n’avez pas pris ce quiz